Les Bolchéviks et la révolution d'octobre (Record no. 105432)

MARC details
000 -LEADER
campo de control de longitud fija 00928nam a2200229 i 4500
001 - NÚMERO DE CONTROL
campo de control 105432
003 - IDENTIFICADOR DE NÚMERO DE CONTROL
campo de control ES-MaACL
007 - CAMPO FIJO DE DESCRIPCIÓN FÍSICA--INFORMACIÓN GENERAL
campo de control de longitud fija t|
008 - DATOS DE LONGITUD FIJA--INFORMACIÓN GENERAL
campo de control de longitud fija 060711s1964 fr ||||1| fre d
080 ## - NÚMERO DE LA CLASIFICACIÓN DECIMAL UNIVERSAL
Número de la Clasificación Decimal Universal 947"1917/21"(093.2)
245 04 - MENCIÓN DEL TÍTULO
Título Les Bolchéviks et la révolution d'octobre
Resto del título : procès verbaux du Comité central du Parti ouvrier social-démocrate russe (bolchévique), août 1917-février 1918 /
Mención de responsabilidad, etc. Introduction et notes de Giuseppe Boffa ; traduit du russe par Catherine Paris.
260 ## - PUBLICACIÓN, DISTRIBUCIÓN, ETC.
Lugar de publicación, distribución, etc. Paris :
Nombre del editor, distribuidor, etc. François Maspero,
Fecha de publicación, distribución, etc. 1964.
300 ## - DESCRIPCIÓN FÍSICA
Extensión 365 p. ;
Dimensiones 22 cm.
490 1# - MENCIÓN DE SERIE
Mención de serie Bibliothèque socialiste ;
Designación de volumen o secuencia 4
500 ## - NOTA GENERAL
Nota general Biblioteca Juan Andrade.
651 #4 - PUNTO DE ACCESO ADICIONAL DE MATERIA--NOMBRE GEOGRÁFICO
Nombre geográfico Rusia-
Subdivisión general Historia-
Subdivisión cronológica 1917-1921, Revolución-
Subdivisión de forma Fuentes.
9 (RLIN) 9338
700 1# - ENTRADA AGREGADA--NOMBRE PERSONAL
Nombre de persona Boffa, Giuseppe.
9 (RLIN) 29770
700 1# - ENTRADA AGREGADA--NOMBRE PERSONAL
Nombre de persona Paris, Catherine.
9 (RLIN) 89134
830 0# - PUNTO DE ACCESO ADICIONAL DE SERIE-TÍTULO UNIFORME
Título uniforme Bibliothèque socialiste ;
Designación de volumen o secuencia 4
9 (RLIN) 185029
852 ## - LOCALIZACIÓN
Ubicación ES-MaACL
Número de control de estantería AND-227
Sublocalización o colección R.109547
Holdings
Estatus retirado Estado de pérdida Estado de daño No para préstamo Biblioteca de origen Biblioteca actual Ubicación en estantería Fecha de adquisición Fuente de adquisición Total de préstamos Signatura topográfica completa Código de barras Visto por última vez Precio de reemplazo Tipo de ítem Koha
        Biblioteca del Ateneo de Madrid Biblioteca del Ateneo de Madrid Depósito 2 17/01/2008     AND-227 1110071 23/02/2023 23/02/2023 Libro impreso